• 首页
  • 本馆介绍
  • 公告通知
  • 最新文献
  • 馆藏检索
  • 电子资源
  • 读者导购
  • 参考咨询
  • 我的图书馆
  • 登录
  • 详细信息显示
  • 放入我的书架
  • 预约/预借图书
  • 作者相关作品
  • 分类相关作品
  • 丛书相关作品
  • 出版社相关作品

书目信息

  • 表格格式
  • 工作单格式
  • 卡片格式
题名:
克敬之满蒙汉语教学手稿
    
 
作者: 王庆丰 编著
分册:  
出版信息: 北京   社会科学文献出版社  2018
页数: 357页
开本: 24cm
丛书名: 中国社会科学院老年学者文库
单 册:
中图分类: H221.9-53 , H212.9-53
科图分类:
主题词: 满语--man yu--教学研究--文集 , 蒙古语(中国少数民族语言)--meng gu yu ( zhong guo shao shu min zu yu yan )--教学研究--文集 , 汉语--han yu--教学研究--文集
电子资源:
ISBN: 978-7-5201-2656-4
000 01607nam 2200313 45
001 012001008783
005 20140102142022.0
010    @a978-7-5201-2656-4@dCNY189.00
099    @aCAL 012018065331
100    @a20180601d2018 em y0chiy50 ea
101 0  @achi
102    @aCN@b110000
105    @aaf z 000yy
106    @ar
200 1  @a克敬之满蒙汉语教学手稿@Ake jing zhi man meng han yu jiao xue shou gao@f王庆丰编著
210    @a北京@c社会科学文献出版社@d2018
215    @a357页@c图@d24cm
225 2  @a中国社会科学院老年学者文库@Azhong guo she hui ke xue yuan lao nian xue zhe wen ku
300    @a中国社会科学院老年科研基金资助
330    @a本书稿为中国社科院民族学与人类学研究所退休教授王庆丰收集整理的克敬之先生满蒙汉语教学手稿,包括满蒙文语音教学、满文语法教学、满文词汇教学、满汉教学翻译手稿。这些手稿,可以称得上“价值连城”,非常珍贵。克敬之先生于20世纪50年代被中国科学院满文班聘为高级满文教授,当时他为满文班编写过有关教材的手稿等珍贵资料一直保存在他的学生王庆丰先生手中。王先生受克敬之家人委托,整理出版克先生珍贵教学手稿。本书稿的出版,可以直接为国内外满文的教学、学习、翻译和研究提供无价之宝。同时,也可对满文的书法艺术学习、收藏、鉴定等领域起到一定的示范作用。
410  0 @12001 @a中国社会科学院老年学者文库
606 0  @a满语@Aman yu@x教学研究@j文集
606 0  @a蒙古语(中国少数民族语言)@Ameng gu yu ( zhong guo shao shu min zu yu yan )@x教学研究@j文集
606 0  @a汉语@Ahan yu@x教学研究@j文集
690    @aH221.9-53@v5
690    @aH212.9-53@v5
701  0 @a王庆丰@Awang qing feng@4编著
801  2 @aCN@b上海新华@c20191020
905    @b1185816-7@dH221.9-53@e30@f2
    
    克敬之满蒙汉语教学手稿/王庆丰编著.-北京:社会科学文献出版社,2018
    357页:图;24cm.-(中国社会科学院老年学者文库)
    中国社会科学院老年科研基金资助
    
    ISBN 978-7-5201-2656-4:CNY189.00
    本书稿为中国社科院民族学与人类学研究所退休教授王庆丰收集整理的克敬之先生满蒙汉语教学手稿,包括满蒙文语音教学、满文语法教学、满文词汇教学、满汉教学翻译手稿。这些手稿,可以称得上“价值连城”,非常珍贵。克敬之先生于20世纪50年代被中国科学院满文班聘为高级满文教授,当时他为满文班编写过有关教材的手稿等珍贵资料一直保存在他的学生王庆丰先生手中。王先生受克敬之家人委托,整理出版克先生珍贵教学手稿。本书稿的出版,可以直接为国内外满文的教学、学习、翻译和研究提供无价之宝。同时,也可对满文的书法艺术学习、收藏、鉴定等领域起到一定的示范作用。
●
相关链接 在E读中查询图书 在五车中查询图书 在当当中查询图书 在豆瓣中查询图书


正题名:克敬之满蒙汉语教学手稿     索取号:H221.9-53/30         预约/预借

序号 登录号 条形码 馆藏地/架位号 状态 备注
1 1185816   211858168   第二样本阅览室/ [索取号:H221.9-53/30] 在馆    
2 1185817   211858177   第四借阅区/ [索取号:H221.9-53/30] 在馆    
唐山师范学院图书馆 欢迎您!
大连网信软件有限公司© 版权所有